000 00714nam a22001937a 4500
999 _c166654
_d166654
005 20190801155918.0
010 _aUR-10327
020 _c200.00
_a789388356978
035 _aU-8882
037 _bDBAD/PUB
082 _a781.440
100 _aمنو ر ر ا ہی
245 _aہند و ستا نی فلمو ں کا ا ر د و سے ر شتہ
_cمنو ر ر ا ہی
246 _bHindustani Filmon Ka Urdu Se Rishta (Urdu)
_aby Dr.Munauwar Rahi
260 _aDelhi
_bEducational Publishing House
_c2018 ء
270 _a3191,Vakil Street,Kucha Pandit,Lal Kuan,
_bDelhi
_e110006
_k23214465
_l00911123211540
300 _a160 ص
_c22 Cm(Hb)
942 _2ddc
_cUR
_h781.440
_mم ن و